Mary ritter Beard and Marion Thompson Wright : shaping inclusive social education (Record no. 72468)
[ view plain ]
| 000 -CABECERA | |
|---|---|
| campo de control de longitud fija | 00643nam a2200217 a 4500 |
| 005 - FECHA Y HORA DE LA ÚLTIMA TRANSACCIÓN | |
| campo de control | 20210219153249.0 |
| 008 - ELEMENTOS DE LONGITUD FIJA--INFORMACIÓN GENERAL | |
| campo de control de longitud fija | 991125n 000 0 eng u |
| 035 ## - NÚMERO DE CONTROL DEL SISTEMA | |
| Número de control de sistema | UPN01000087111 |
| 100 ## - ASIENTO PRINCIPAL--NOMBRE PERSONAL | |
| Nombre de persona | CROCCO, Margaret Smith |
| 222 ## - TÍTULO CLAVE | |
| Título clave | THEORY AND RESEARCH IN SOCIAL EDUCATION |
| 245 ## - MENCIÓN DE TÍTULO | |
| Título | Mary ritter Beard and Marion Thompson Wright : shaping inclusive social education |
| 260 ## - PUBLICACIÓN, DISTRIBUCIÓN, ETC. | |
| Lugar de publicación, distribución, etc. | WASHINGTON, D.C., EUA |
| 300 ## - DESCRIPCIÓN FÍSICA | |
| Extensión | 9-33 |
| 362 ## - FECHAS DE PUBLICACIÓN Y/O DESIGNACIÓN SECUENCIAL | |
| Fecha de publicación y/o designación secuencial | 1997 25, no. 1, (winter) |
| 653 0# - TERMINO DE INDIZACION - NO CONTROLADO | |
| Término no controlado | CURRICULUM |
| 653 0# - TERMINO DE INDIZACION - NO CONTROLADO | |
| Término no controlado | ESTADOS UNIDOS DE AMERICA |
| 653 0# - TERMINO DE INDIZACION - NO CONTROLADO | |
| Término no controlado | MULTICULTURALISMO |
| 653 0# - TERMINO DE INDIZACION - NO CONTROLADO | |
| Término no controlado | SOCIOLOGIA |
| 904 ## - ELEMENTOS DE DATOS D LOCAL, LDD (RLIN) | |
| a | AC |
| b | 024922 |
| 905 ## - TIPO DE MATERIAL | |
| Tipo de material | Articulo |
No items available.
